| 000 | 00634nam a2200205Ia 4500 | ||
|---|---|---|---|
| 003 | OSt | ||
| 005 | 20260113115247.0 | ||
| 008 | 221004b |||||||| |||| 00| 0 ben d | ||
| 037 | _cTB | ||
| 040 |
_aAL _cAL _bben |
||
| 041 |
_2ben _aben |
||
| 084 |
_aO157,3M67x 35L7 _qAL |
||
| 100 |
_aRamalingam D. _9638843 |
||
| 245 | 0 | _aSaratchandra chatterji vyakti rachayita | |
| 260 |
_aNew Delhi, India: _bSahitya Akademy, _c1977. |
||
| 300 | _a144p. | ||
| 650 |
_aBENGALI LITERATURE _9864100 |
||
| 942 |
_hO157,3M67x 35L7 _cTB _2CC _n0 |
||
| 999 |
_c1058782 _d1058782 |
||